Národní úspory a analýza relativní přespořenosti či podspořenosti ekonomik

Jednoduchý rámec pre analýzu nadmerného alebo nedostatočného úspor ekonomík v kontexte vonkajšej hospodárskej nerovnováhy. Makroekonomické determinanty optimálnych úspor domácností a spoločností založené na mikroekonomickej teórii. Chronické nadmerné úspory v Číne a iných ázijských ekonomikách (Kóre...

Description complète

Enregistré dans:
Détails bibliographiques
Auteur principal: Pour, Jiří
Format: Chapitre de livre
Langue:tchèque
Sujets:
Tags: Ajouter un tag
Pas de tags, Soyez le premier à ajouter un tag!

MARC

LEADER 00000naa a2200000 4500
001 0272186
005 20210225194846.8
041 0 |a cze 
044 |a CZ 
245 1 0 |a Národní úspory a analýza relativní přespořenosti či podspořenosti ekonomik  |c Jiří Pour 
520 |a Jednoduchý rámec pre analýzu nadmerného alebo nedostatočného úspor ekonomík v kontexte vonkajšej hospodárskej nerovnováhy. Makroekonomické determinanty optimálnych úspor domácností a spoločností založené na mikroekonomickej teórii. Chronické nadmerné úspory v Číne a iných ázijských ekonomikách (Kórea, Japonsko) a nedostatočné úspory v USA a Veľkej Británii. Česko a ďalšie krajiny V4 nepreukázali žiadne významné odchýlky od modelu, rovnako ani Nemecko či Francúzsko. 
610 2 0 |a úspory obyvateľstva 
610 2 0 |a rovnováha finančná 
610 2 0 |a úspory finančné 
610 2 0 |a Európa 
100 1 |a Pour, Jiří